00776nam a2200253Ia 450000500170000000800410001702000150005804100080007310000430008124500400012425000220016426400340018630000260022033600270024633700330027333800280030650000210033465000280035565000320038365000350041565000250045004000350047508400120051020220316235332.0121119s1996 ck gr 000 f spa  a95830010580 aspa1 aMarroquín, José Manuel,d1827-190813aEl morocMarroquín, José Manuel aPrimera edición 1aBogotábPanamericana c1996 a262 páginasc21 cm. atextobtxt2rdacontent asin mediaciónbn2rdamedia avolumenbnc2rdacarrier aIncluye glosario142LEMBaNovela colombiana142LEMBaLiteratura colombiana142LEMBaVida en el campovNovela142LEMBaNegrosvNovela aCO-BoRNBPbspaerdacCO-BoRNBP aN MAR2